00717nam a2200241Ia 4500003000900000008004100009040001300050040001300063041000800076100002100084245003500105250001000140260001200150260000900162300001100171300001200182490001800194490000700212600003200219942000700251999001700258952020000275IT-RoPAU120407s9999 xx 000 0 und d aIT-RoPAU cIT-RoPAU afra aJoachim Jeremias aParoles inconnues de Jésùs aParis aDu Cerf c1970 a132 p. c21,5 cm aLectio divina v62 a1. Gesù Cristo. Agrapha. cBK c25213d25213 00102ddc406222_36200000000000071aPAULUSbPAULUSd2012-04-11l0o222.362r2012-04-11 00:00:00w2012-04-11yBKzInserito da: LUCIA In data: 02 settembre 2011 fondo: Via A.Severo 56 Progr:28485